000 00495nam a2200181Ia 4500
005 20250508151501.0
008 008 250505s9999 xx 000 0 eng d
037 _aReference
040 _aFEDL
_beng
_cFEDL
041 _aeng
_2eng
084 _a550.3, HIM
_qFEDL
100 _aHimus Godfrey W
_9759249
245 0 _aDictionary of geology
260 _aHarmondsworth
_bPenguin Books Limited
_c1954
300 _a153p.
942 _cREF
_h550.3, HIM
999 _c1330099
_d1330099